Statistics for Five Random Cities by Continent (with a map)

Click here to take the quiz!

General Stats

  • This quiz has been taken 2,162 times
  • The average score is 19 of 30

Answers on the Map

Answers color-coded by a green-red scale on the quiz's map according to % correct below.
 

Answer Stats

ContinentCity% Correct
North AmericaNew York
94%
EuropeMadrid
93%
South AmericaRio de Janeiro
88%
AsiaSeoul
88%
South AmericaSantiago
86%
EuropeSaint Petersburg
84%
North AmericaVancouver
84%
EuropeCopenhagen
83%
AsiaBangkok
79%
OceaniaWellington
79%
AfricaCasablanca
76%
EuropeBucharest
75%
EuropeZürich
74%
AfricaNairobi
71%
North AmericaSanto Domingo
67%
OceaniaBrisbane
65%
North AmericaSan José
65%
North AmericaGuadalajara
60%
South AmericaMedellín
59%
OceaniaPort Moresby
59%
AsiaJeddah
54%
AsiaKolkata
53%
AfricaLuxor
49%
AfricaGaborone
47%
OceaniaSuva
47%
AfricaAbidjan
43%
AsiaTianjin
40%
South AmericaCayenne
37%
South AmericaSanta Cruz
28%
OceaniaWeno
6%

Score Distribution

Percentile by Number Answered

Percent of People with Each Score

Your Score History

You have not taken this quiz